Statistiken für Ja auf verschiedenen Sprachen

Klicken Sie hier um das Quiz zu spielen!

Allgemein

  • Dieses Quiz wurde 524 mal gespielt
  • Das Durchschnittsergebnis liegt bei 14 aus 25

Antwortstatistiken

SpracheAntwort% Korrekt
EnglischYes/Yeah
100%
NiederländischJa
99%
DänischJa
99%
SchwedischJa
99%
NorwegischJa
99%
DeutschJa
99%
ItalienischSi
95%
SpanischSi
95%
FranzösischOui
84%
KroatischDa
67%
SerbischDa
67%
RumänischDa
67%
BosnischDa
67%
RussischDa
67%
PolnischTak
31%
UkrainischTak
31%
TürkischEvet
27%
JapanischHai
22%
IndonesischYa
21%
MalaysischYa
21%
PortugiesischSim
15%
TschechischAno
11%
SlowakischAno
11%
ChinesischShi
8%
FilipinoOo
6%

Verteilung der Resultate

Perzentil nach korrekt beantworteten Fragen

Anzahl Personen mit jedem Resultat

Ihre Resultats-Entwicklung

Sie haben dieses Quiz noch nicht gespielt